| 000 | 01048mam a22003374a 4500 | ||
|---|---|---|---|
| 001 | 2522601 | ||
| 003 | ARRUPE | ||
| 005 | 20131216125400.0 | ||
| 008 | 990223s2000 enk be 001 0 eng | ||
| 010 | _a 99021117 | ||
| 015 | _aGB99-V2684 | ||
| 020 | _a0521624517 (hbk.) | ||
| 020 | _a052162469X (pbk.) | ||
| 035 | _a(OCoLC)ocm40943422 | ||
| 035 | _a(NNC)2522601 | ||
| 040 |
_aDLC _cDLC _dUKM _dC#P |
||
| 042 | _apcc | ||
| 050 | 0 | 0 |
_aHQ1154 _b.C25 2000 |
| 082 | 0 | 0 |
_a305.42/01 _221 |
| 245 | 0 | 4 |
_aThe Cambridge companion to feminism in philosophy / _cedited by Miranda Fricker and Jennifer Hornsby. |
| 260 |
_aCambridge ; _aNew York : _bCambridge University Press, _c2000. |
||
| 300 |
_axiii, 280 p. ; _c24 cm. |
||
| 504 | _aIncludes bibliographical references (p. 264-275) and index. | ||
| 650 | 0 |
_aFeminist theory. _95745 |
|
| 650 | 4 |
_aFeminism _xPhilosophy. _95746 |
|
| 700 | 1 |
_aFricker, Miranda. _95747 |
|
| 700 | 1 |
_aHornsby, Jennifer. _95748 |
|
| 942 |
_2lcc _cMONOGRAPH |
||
| 948 | 2 |
_a20060824 _ba _cmps1 _dMPS |
|
| 999 |
_c119276 _d119276 |
||